[Event "San Francisco TNM Fall op"]
[Site "San Francisco"]
[Date "2012.12.04"]
[Round "8"]
[White "Lazaro, Fernando"]
[Black "Mar, Henry"]
[Result "0-1"]
[WhiteElo "1266"]
[BlackElo "1509"]
[PlyCount "57"]
[EventDate "2012.10.16"]
[EventType "swiss"]
[EventRounds "9"]
[EventCountry "USA"]
[SourceTitle "EXT 2014"]
[Source "ChessBase"]
[SourceDate "2013.11.20"]
[SourceVersion "1"]
[SourceVersionDate "2013.11.20"]
[SourceQuality "1"]

1. g3 c6 2. Bg2 Nf6 3. d3 d5 4. h3 g6 5. Nf3 Bg7 6. c3 0-0 7. Bd2 Re8 8. 0-0 e5 9. e3 b6 10. Re1 Ba6 11. Qc2 e4 12. Ng5 Bxd3 13. Qb3 Qd7 14. h4 h6 15. Nh3 Na6 16. Nf4 Nc5 17. Qd1 h5 18. Nxd3 Nxd3 19. Re2 Nxb2 20. Qc2 Nd3 21. Na3 b5 22. Rd1 c5 23. c4 b4 24. Nb1 Rad8 25. Bc1 Qc6 26. Red2 Bh6 27. Rxd3 exd3 28. Rxd3 Qb6 29. Bb2 0-1

[Event "San Francisco TNM Marathon op"]
[Site "San Francisco"]
[Date "2012.08.21"]
[Round "4"]
[White "Olson, David L"]
[Black "Lazaro, Fernando"]
[Result "1-0"]
[WhiteElo "1400"]
[BlackElo "1254"]
[PlyCount "63"]
[EventDate "2012.07.31"]
[EventType "swiss"]
[EventRounds "9"]
[EventCountry "USA"]
[SourceTitle "EXT 2014"]
[Source "ChessBase"]
[SourceDate "2013.11.20"]
[SourceVersion "1"]
[SourceVersionDate "2013.11.20"]
[SourceQuality "1"]

1. e4 b6 2. Bc4 Bb7 3. Nc3 e6 4. Nf3 Be7 5. 0-0 Nc6 6. d4 h6 7. a3 d6 8. d5 Ne5 9. Ba2 exd5 10. Nxd5 Nf6 11. Re1 0-0 12. Nd4 Nxd5 13. exd5 Bg5 14. f4 Bh4 15. g3 Ng6 16. gxh4 Qxh4 17. Qf3 Bc8 18. Bd2 Bg4 19. Qg3 Qf6 20. c3 Bf5 21. Re2 Rae8 22. Rae1 Rxe2 23. Rxe2 Ne7 24. Rxe7 Qxe7 25. Nxf5 Qf6 26. Bb1 Re8 27. Bd3 Kh8 28. Qh4 Qg6+ 29. Kf2 a5 30. c4 f6 31. Qh3 a4 32. Nxd6 1-0

[Event "San Francisco TNM Marathon op"]
[Site "San Francisco"]
[Date "2012.08.14"]
[Round "3"]
[White "Lazaro, Fernando"]
[Black "James, Charles"]
[Result "1/2-1/2"]
[WhiteElo "1254"]
[BlackElo "1482"]
[PlyCount "25"]
[EventDate "2012.07.31"]
[EventType "swiss"]
[EventRounds "9"]
[EventCountry "USA"]
[SourceTitle "EXT 2014"]
[Source "ChessBase"]
[SourceDate "2013.11.20"]
[SourceVersion "1"]
[SourceVersionDate "2013.11.20"]
[SourceQuality "1"]

1. b3 e5 2. Bb2 Nc6 3. e4 Bc5 4. Nf3 d6 5. h3 Nf6 6. d3 0-0 7. Be2 Re8 8. 0-0 h6 9. Nbd2 Be6 10. Nh2 Qd7 11. Ng4 Nxg4 12. Bxg4 Bxg4 13. Qxg4 1/2-1/2

[Event "San Francisco TNM Summer op"]
[Site "San Francisco"]
[Date "2012.07.10"]
[Round "8"]
[White "James, Charles"]
[Black "Lazaro, Fernando"]
[Result "1-0"]
[WhiteElo "1475"]
[BlackElo "1254"]
[PlyCount "57"]
[EventDate "2012.05.22"]
[EventType "swiss"]
[EventRounds "8"]
[EventCountry "USA"]
[SourceTitle "EXT 2014"]
[Source "ChessBase"]
[SourceDate "2013.11.20"]
[SourceVersion "1"]
[SourceVersionDate "2013.11.20"]
[SourceQuality "1"]

1. d4 d5 2. c4 c6 3. Nc3 e6 4. Nf3 Nf6 5. e3 h6 6. Bd3 Be7 7. 0-0 0-0 8. e4 dxe4 9. Nxe4 Nbd7 10. h3 Qc7 11. Be3 Nxe4 12. Bxe4 Bf6 13. Qd2 g5 14. Nxg5 hxg5 15. Bxg5 Qd8 16. f4 Kg7 17. Rf3 Bxg5 18. Rg3 f5 19. Rxg5+ Kf7 20. Bf3 Nf6 21. Re1 Rg8 22. Qe3 Bd7 23. b4 Qc7 24. h4 Rxg5 25. fxg5 f4 26. Qd3 Ne8 27. Qh7+ Ng7 28. Bh5+ Ke7 29. Qxg7+ 1-0

[Event "San Francisco TNM Summer op"]
[Site "San Francisco"]
[Date "2012.06.19"]
[Round "5"]
[White "Lazaro, Fernando"]
[Black "Hilliard, Michael"]
[Result "1-0"]
[WhiteElo "1254"]
[BlackElo "1511"]
[PlyCount "45"]
[EventDate "2012.05.22"]
[EventType "swiss"]
[EventRounds "8"]
[EventCountry "USA"]
[SourceTitle "EXT 2014"]
[Source "ChessBase"]
[SourceDate "2013.11.20"]
[SourceVersion "1"]
[SourceVersionDate "2013.11.20"]
[SourceQuality "1"]

1. e4 c6 2. Nf3 d5 3. e5 Bg4 4. d4 Nd7 5. Be2 e6 6. h3 Bxf3 7. Bxf3 c5 8. c3 cxd4 9. cxd4 Bb4+ 10. Nc3 Ne7 11. 0-0 0-0 12. Qb3 Qb6 13. Be3 Nf5 14. Na4 Nxd4 15. Nxb6 Nxb3 16. Nxd7 Rfd8 17. axb3 Rxd7 18. Rxa7 Rc8 19. Rfa1 d4 20. Bf4 d3 21. Rxb7 Rxb7 22. Bxb7 d2 23. Bxc8 1-0

[Event "San Francisco TNM Spring op"]
[Site "San Francisco"]
[Date "2012.04.17"]
[Round "6"]
[White "Allen, Tom"]
[Black "Lazaro, Fernando"]
[Result "1/2-1/2"]
[WhiteElo "1521"]
[BlackElo "1300"]
[PlyCount "65"]
[EventDate "2012.03.13"]
[EventType "swiss"]
[EventRounds "8"]
[EventCountry "USA"]
[SourceTitle "EXT 2014"]
[Source "ChessBase"]
[SourceDate "2013.11.20"]
[SourceVersion "1"]
[SourceVersionDate "2013.11.20"]
[SourceQuality "1"]

1. e4 e5 2. Nf3 d6 3. d4 exd4 4. Qxd4 Be6 5. Nc3 h6 6. Bd3 Nc6 7. Bb5 Bd7 8. Bxc6 Bxc6 9. 0-0 Nf6 10. Re1 Be7 11. Nd5 0-0 12. c4 Bxd5 13. exd5 Nh7 14. Qg4 Kh8 15. Nd4 Bf6 16. Rb1 Bxd4 17. Qxd4 Nf6 18. Re3 Re8 19. Bd2 Rxe3 20. Bxe3 Qd7 21. Bxh6 Qf5 22. Bxg7+ Kxg7 23. Re1 Kf8 24. h3 Re8 25. Rxe8+ Kxe8 26. Qxa7 Qb1+ 27. Kh2 Qxb2 28. Qb8+ Kd7 29. Qf8 Qe5+ 30. g3 Qe7 31. Qa8 b6 32. Qc6+ Kc8 33. Qa8+ 1/2-1/2

[Event "San Francisco TNM Spring op"]
[Site "San Francisco"]
[Date "2012.03.27"]
[Round "3"]
[White "Mar, Henry"]
[Black "Lazaro, Fernando"]
[Result "1-0"]
[WhiteElo "1500"]
[BlackElo "1300"]
[PlyCount "79"]
[EventDate "2012.03.13"]
[EventType "swiss"]
[EventRounds "8"]
[EventCountry "USA"]
[SourceTitle "EXT 2014"]
[Source "ChessBase"]
[SourceDate "2013.11.20"]
[SourceVersion "1"]
[SourceVersionDate "2013.11.20"]
[SourceQuality "1"]

1. e4 e5 2. Nf3 d6 3. g3 Bg4 4. Bg2 Nf6 5. Nc3 Be7 6. 0-0 Nbd7 7. h3 Be6 8. d3 h6 9. Nh2 0-0 10. f4 exf4 11. Bxf4 c6 12. d4 Rb8 13. Nf3 Nb6 14. b3 Qc8 15. Kh2 Nh5 16. Be3 Nf6 17. e5 dxe5 18. Nxe5 Nbd5 19. Nxd5 Nxd5 20. Bd2 Bd6 21. Nc4 Bc7 22. Bc1 Nf6 23. Ba3 Bxc4 24. bxc4 Rd8 25. Be7 Bxg3+ 26. Kh1 Bh4 27. Bxd8 Qxd8 28. Rb1 Qd6 29. c5 Qc7 30. Rb3 Bg5 31. Qf3 Nd5 32. Qe4 Qd7 33. c4 Re8 34. Qb1 Nf6 35. Rxb7 Qxd4 36. Bxc6 Ne4 37. Bxe8 Nf2+ 38. Kg2 Ne4 39. Qe1 Qb2+ 40. Rxb2 1-0

[Event "San Francisco TNM Spring op"]
[Site "San Francisco"]
[Date "2012.03.20"]
[Round "8"]
[White "Lazaro, Fernando"]
[Black "James, Charles"]
[Result "0-1"]
[WhiteElo "1300"]
[BlackElo "1476"]
[PlyCount "42"]
[EventDate "2012.03.13"]
[EventType "swiss"]
[EventRounds "8"]
[EventCountry "USA"]
[SourceTitle "EXT 2014"]
[Source "ChessBase"]
[SourceDate "2013.11.20"]
[SourceVersion "1"]
[SourceVersionDate "2013.11.20"]
[SourceQuality "1"]

1. e4 e6 2. Nf3 d5 3. e5 c5 4. c3 Nc6 5. d4 Bd7 6. Be2 Qb6 7. 0-0 Nh6 8. a4 c4 9. Nbd2 Be7 10. b3 cxb3 11. Qxb3 Qc7 12. Rb1 Na5 13. Qc2 a6 14. h3 Rc8 15. Bb2 0-0 16. Rbc1 b5 17. axb5 Bxb5 18. Bxb5 axb5 19. Qd3 Nc4 20. Qc2 f6 21. Rce1 f5 0-1